000
00283nam a22001337a 4500
008
170522b xxu||||| |||| 00| 0 eng d
020
_a
0881330604
041
_a
eng
080
_a
94(6)
100
_a
16
101
_a
SHH
245
_a
THE KAGURU
_c
BEIDELMAN, T.O
942
_2
udc
_c
BK
999
_c
13712
_d
13712